| 000 | 00669nam a2200205Ia 4500 | ||
|---|---|---|---|
| 005 | 20241216011256.0 | ||
| 008 | 190429s9999||||xx |||||||||||||| ||und|| | ||
| 082 |
_a622.8 _bL584 |
||
| 100 | _aLUIS NEYRA JHON MILTON | ||
| 245 | 0 | _aGESTION DE SEGURIDAD E HIGIENE MINERA EN LA COMPAÑIA MINERA RAURA S.A. ZONA IV | |
| 250 | _a0 | ||
| 260 |
_aCERRO DE PASCO-PERU _bUNDAC _c2006 |
||
| 300 |
_a142 pag. _c30 cm. |
||
| 341 | _h0 | ||
| 490 |
_v0 _a0 |
||
| 505 | _aASPECTOS GENERALES/ACTIVIDADES MINERAS/SEGURIDAD/ORGANIZACION/MODELO DE GESTION/COSTO/RESULTADOS/CONCLUSIONES | ||
| 541 |
_aD _bLUIS NEYRA JHON MILTON _d26-May-10 _oSoles |
||
| 650 | _aMinas | ||
| 942 | _cTESIS | ||
| 999 |
_c37431 _d37431 |
||